LEADER 04181nam 2200769 a 450 001 9910454351203321 005 20200520144314.0 010 $a1-282-08786-X 010 $a9786612087868 010 $a1-4008-2769-8 024 7 $a10.1515/9781400827695 035 $a(CKB)1000000000756230 035 $a(EBL)445476 035 $a(OCoLC)355568085 035 $a(SSID)ssj0000193565 035 $a(PQKBManifestationID)11216131 035 $a(PQKBTitleCode)TC0000193565 035 $a(PQKBWorkID)10216492 035 $a(PQKB)11262007 035 $a(MiAaPQ)EBC445476 035 $a(MdBmJHUP)muse36324 035 $a(DE-B1597)446379 035 $a(OCoLC)979631947 035 $a(DE-B1597)9781400827695 035 $a(Au-PeEL)EBL445476 035 $a(CaPaEBR)ebr10284253 035 $a(CaONFJC)MIL208786 035 $a(EXLCZ)991000000000756230 100 $a20060710d2007 uy 0 101 0 $aeng 135 $aur|n|---||||| 181 $ctxt 182 $cc 183 $acr 200 10$aLiving together, living apart$b[electronic resource] $erethinking Jewish-Christian relations in the Middle Ages /$fJonathan Elukin 205 $aCourse Book 210 $aPrinceton, N.J. $cPrinceton University Press$dc2007 215 $a1 online resource (204 p.) 225 1 $aJews, Christians, and Muslims from the ancient to the modern world 300 $aDescription based upon print version of record. 311 $a0-691-16206-9 311 $a0-691-11487-0 320 $aIncludes bibliographical references (p. 167-181) and index. 327 $aIntroduction -- From late antiquity to the early Middle Ages -- From the Carolingians to the twelfth century -- Cultural integration in the high Middle Ages -- Social integration -- Violence -- Expulsion and continuity -- Conclusion. 330 $aThis book challenges the standard conception of the Middle Ages as a time of persecution for Jews. Jonathan Elukin traces the experience of Jews in Europe from late antiquity through the Renaissance and Reformation, revealing how the pluralism of medieval society allowed Jews to feel part of their local communities despite recurrent expressions of hatred against them. Elukin shows that Jews and Christians coexisted more or less peacefully for much of the Middle Ages, and that the violence directed at Jews was largely isolated and did not undermine their participation in the daily rhythms of European society. The extraordinary picture that emerges is one of Jews living comfortably among their Christian neighbors, working with Christians, and occasionally cultivating lasting friendships even as Christian culture often demonized Jews. As Elukin makes clear, the expulsions of Jews from England, France, Spain, and elsewhere were not the inevitable culmination of persecution, but arose from the religious and political expediencies of particular rulers. He demonstrates that the history of successful Jewish-Christian interaction in the Middle Ages in fact laid the social foundations that gave rise to the Jewish communities of modern Europe. Elukin compels us to rethink our assumptions about this fascinating period in history, offering us a new lens through which to appreciate the rich complexities of the Jewish experience in medieval Christendom. 410 0$aJews, Christians, and Muslims from the ancient to the modern world. 606 $aChristianity and other religions$xJudaism 606 $aJudaism$xRelations$xChristianity 606 $aJews$zEurope$xHistory$yTo 1500 606 $aSocial integration$zEurope 606 $aJews$xPersecutions$zEurope 607 $aEurope$xEthnic relations 608 $aElectronic books. 615 0$aChristianity and other religions$xJudaism. 615 0$aJudaism$xRelations$xChristianity. 615 0$aJews$xHistory 615 0$aSocial integration 615 0$aJews$xPersecutions 676 $a261.2/60940902 700 $aElukin$b Jonathan M.$f1961-$01049553 801 0$bMiAaPQ 801 1$bMiAaPQ 801 2$bMiAaPQ 906 $aBOOK 912 $a9910454351203321 996 $aLiving together, living apart$92478662 997 $aUNINA LEADER 01560nam 2200517 450 001 9910794464903321 005 20230126222009.0 010 $a1-911193-65-1 010 $a1-911193-66-X 035 $a(CKB)4100000011666335 035 $a(MiAaPQ)EBC6423970 035 $a(EXLCZ)994100000011666335 100 $a20210316d2020 uy 0 101 0 $aeng 135 $aurcnu|||||||| 181 $ctxt$2rdacontent 182 $cc$2rdamedia 183 $acr$2rdacarrier 200 10$aBank robbery $ethe way we create money, and how it damages the world /$fIvo Mosley 205 $aFirst edition. 210 1$aAxminster, United Kingdom :$cTriarchy Press,$d[2020] 210 4$dİ2020 215 $a1 online resource (198 pages) $cillustrations 311 $a1-911193-64-3 320 $aIncludes bibliographical references and index. 606 $aBanks and banking 606 $aEquality$xEconomic aspects 606 $aEconomics$xSociological aspects 606 $aBanks and banking$xSocial aspects 606 $aMoney supply 606 $aMonetary policy 615 0$aBanks and banking. 615 0$aEquality$xEconomic aspects. 615 0$aEconomics$xSociological aspects. 615 0$aBanks and banking$xSocial aspects. 615 0$aMoney supply. 615 0$aMonetary policy. 676 $a332.414 700 $aMosley$b Ivo$f1951-$01526158 801 0$bMiAaPQ 801 1$bMiAaPQ 801 2$bMiAaPQ 906 $aBOOK 912 $a9910794464903321 996 $aBank robbery$93808132 997 $aUNINA